| 000 | 00421nam a2200169Ia 4500 | ||
|---|---|---|---|
| 008 | 230524s9999 xx 000 0 und d | ||
| 020 | _a0230328717 | ||
| 082 |
_a543.24 _bSHA |
||
| 100 | _aJ.K.Sharma | ||
| 245 | 0 | _aQuantitative Methods : Theory and Applications | |
| 250 | _a8TH | ||
| 260 |
_aNEW DELHI _bMacmillan _c2010 |
||
| 300 | _aXV;865 | ||
| 500 | _aQuantity Number: 5 | ||
| 650 | _aManagement | ||
| 942 | _cBK | ||
| 999 |
_c48526 _d48526 |
||